MARC
| LEADER | 00000cam a2200000 7i4500 | ||
|---|---|---|---|
| 001 | 0000015623 | ||
| 005 | 20050928.0 | ||
| 040 | |a INS | ||
| 090 | 0 | 0 | |a MTCP52 |
| 100 | 1 | |a Redhead, Micheal K. | |
| 245 | 1 | 0 | |a Valuation practices in Grenada : |b with a critical look Malaysia system |c Micheal K.Redhead |
| 260 | |a Bangi : |b INSPEN , |c 2002 | ||
| 300 | |a Vareius paging : |b ill. ; |c 30cm. | ||
| 650 | 0 | 0 | |a Valuation |z Grenada |
| 999 | |a MTCP000072 |b BOOK |c Course Notes |e Default branch | ||